000 00266nam a2200109Ia 4500
008 220713s9999 xx 000 0 und d
020 _a978 0 7496 2015 3
082 _aJ 612.76 YOUR
100 _aNo author, editors only
245 0 _aYour Body: Bones
942 _cBK
_w561
_xJohn Tresidder
_y561
_zJohn Tresidder
999 _c707801
_d707800